[Event "Mexican op 70th"]
[Site "Mexico City"]
[Date "2025.04.16"]
[Round "3"]
[White "Donoso Simonetti, Alvaro Matias"]
[Black "Hernandez Guerrero, Gilberto Eduardo"]
[Result "0-1"]
[WhiteElo "1963"]
[BlackElo "2458"]
[PlyCount "70"]
[EventDate "2025.04.14"]
[EventType "swiss"]
[EventRounds "9"]
[EventCountry "MEX"]
[SourceTitle "CB17_2025"]
[SourceDate "2025.04.23"]
[SourceVersion "1"]
[SourceVersionDate "2025.04.23"]
[SourceQuality "1"]

1. e4 Nf6 2. e5 Nd5 3. c4 Nb6 4. d4 d6 5. exd6 cxd6 6. Nc3 g6 7. Be3 Bg7 8. Rc1 0-0 9. b3 Bf5 10. g3 Nc6 11. d5 Nb4 12. Qd2 Nd7 13. a3 Na6 14. b4 Ne5 15. Be2 Qc8 16. Nb5 Nc7 17. Nd4 a5 18. b5 Ng4 19. Bxg4 Bxg4 20. h4 e5 21. Nde2 f5 22. f3 Bh5 23. a4 Qd7 24. Kf2 Rae8 25. f4 Bh6 26. Nf3 Re7 27. fxe5 Bxe3+ 28. Qxe3 dxe5 29. Rcd1 f4 30. gxf4 exf4 31. Qd4 Bxf3 32. Kxf3 Re3+ 33. Kf2 Qg4 34. Rd2 Rfe8 35. Nxf4 Rf3# 0-1